| 000 | 00779nam a2200241 a 4500 | ||
|---|---|---|---|
| 999 |
_c11624 _d11624 |
||
| 001 | 11624 | ||
| 003 | BD-JhCC | ||
| 005 | 20200709112017.0 | ||
| 008 | 200709b2019 bg |||| ||a| 001 0 ben d | ||
| 020 | _a9789845250566 | ||
| 035 | _a(BD-JhCC)11624 | ||
| 040 |
_aBD-JhCC _dBD-JhCC |
||
| 041 | _aben | ||
| 082 |
_a923.1 _bISL 2019 |
||
| 100 | _aইসলাম, সৈয়দ মনজুরুল | ||
| 245 |
_aইতিহাসের রূপকার তাজুদ্দীন আহমদ / _cসৈয়দ মনজুরুল ইসলাম । |
||
| 260 |
_aঢাকা: _bপ্রথমা প্রকাশন; _c২০১৯. |
||
| 300 |
_a71 p. : _c16 cm. |
||
| 610 | _aAhmed, tajuddin | ||
| 650 | _aBiography | ||
| 942 |
_2ddc _cBK |
||